Les 50 ... Joueurs de football 90' (2) - Statistiques

Statistiques générales
  • Ce quiz a été pris 62 fois
  • Le résultat moyen est 15 sur 50
Statistiques - réponses
Par images Réponse % Correct
Jean-Pierre Papin
95%
Bernard Lama
86%
Basile Boli
84%
Carlos Valderrama
72%
Robert Pires
71%
Abédi Pelé
66%
Bixente Lizarazu
64%
Patrice Loko
62%
Paul le Guen
60%
Sylvain Wiltord
60%
Xavier Gravelaine
52%
Eric Di Meco
48%
Vikash Dhorasoo
47%
Reynald Pedros
43%
Stéphane Guivarc'h
43%
Sabri Lamouchi
41%
Lilian Laslandes
38%
José Carlos Mozer
34%
Jean-Marc Ferreri
33%
Florian Maurice
29%
Japhet N'Doram
29%
Enzo Scifo
28%
Frédéric Déhu
26%
Corentin Martins
24%
Michael Madar
24%
Safet Susic
24%
Alen Boksic
21%
Eric Sikora
21%
Nicolas Ouedec
21%
Francis Llacer
19%
Gregory Wimbée
19%
Alain Caveglia
16%
Sylvain Kastendeuch
16%
Patrick Colleter
14%
Pascal Nouma
12%
Victor Ikpeba
12%
Aboubacar 'Titi' Camara
10%
Didier Tholot
10%
Roger Boli
10%
Ali Benarbia
9%
Stéphane Paille
9%
José Cobos
7%
Patrice Carteron
7%
Rigobert Song
7%
Amara Simba
3%
François Omam-Biyik
3%
Joel Tiehi
3%
Anto Drobnjak
2%
Alain Goma
0%
Jean-Pierre Delaunay
0%
Aucun quiz correspondant
Distribution des résultats
% des personnes avec chaque résultat
Percentile par nombre de réponses
Votre historique - résultats
Vous n’avez pas pris ce quiz